|
|
|
|
| LEADER |
00000nam0a2200000 4500 |
| 001 |
261084 |
| 005 |
20231101233532.0 |
| 035 |
|
|
|a (RuTPU)RU\TPU\book\284057
|
| 090 |
|
|
|a 261084
|
| 100 |
|
|
|a 20140521d1987 k y0rusy50 ca
|
| 101 |
0 |
|
|a rus
|
| 102 |
|
|
|a RU
|
| 105 |
|
|
|a y z 001zy
|
| 200 |
1 |
|
|a Глобальный эволюционизм: философско-методологический анализ
|f И. В. Черникова
|
| 210 |
|
|
|a Томск
|c Изд-во ТГУ
|d 1987
|
| 215 |
|
|
|a 182 с.
|
| 320 |
|
|
|a Библиогр. в примеч.
|
| 606 |
1 |
|
|a Соответствия принцип
|2 stltpush
|3 (RuTPU)RU\TPU\subj\55546
|9 73561
|
| 610 |
1 |
|
|a эволюционизм
|
| 610 |
1 |
|
|a философский анализ
|
| 610 |
1 |
|
|a методологический анализ
|
| 610 |
1 |
|
|a эволюция
|
| 610 |
1 |
|
|a история
|
| 610 |
1 |
|
|a современность
|
| 610 |
1 |
|
|a обоснование
|
| 610 |
1 |
|
|a многоаспектность
|
| 610 |
1 |
|
|a системность
|
| 610 |
1 |
|
|a труды учёных ТПУ
|
| 675 |
|
|
|a 5:1
|v 3
|
| 700 |
|
1 |
|a Черникова
|b И. В.
|c специалист в области психологии и права
|c профессор Томского политехнического университета, доктор философских наук
|f 1953-
|g Ирина Васильевна
|2 stltpush
|3 (RuTPU)RU\TPU\pers\31778
|
| 702 |
|
1 |
|a Сухотин
|b А. К.
|4 340
|
| 712 |
0 |
2 |
|a Томский государственный университет (ТГУ)
|2 stltpush
|3 (RuTPU)RU\TPU\col\397
|
| 801 |
|
1 |
|a RU
|b 63413507
|c 20140521
|
| 801 |
|
2 |
|a RU
|b 63413507
|c 20160512
|g RCR
|
| 942 |
|
|
|c BK
|